L´orchestra del Titanic

Na minha lista:
Detalhes bibliográficos
Autor principal: Perissinotto, Alessandro
Formato: Livro
Idioma:Undetermined
Publicado em: Milan, Italia Rizzoli 2008
Assuntos:
Tags: Adicionar Tag
Sem tags, seja o primeiro a adicionar uma tag!

MARC

LEADER 00000nam a2200000Ia 4500
008 170316s9999 xx 000 0 und d
999 |c 8197  |d 8197 
040 |a cru BVZT 
090 |a 850 P-5.1o 
100 |a Perissinotto, Alessandro 
245 |a L´orchestra del Titanic  |c / Alessandro Perissinotto 
260 |a Milan, Italia  |b Rizzoli  |c 2008 
300 |a 313 páginas 
650 |a LITERATURA ITALIANA  |9 212 
650 |a EN IDIOMA ITALIANO 
650 |a NOVELA  |9 13 
942 |c 15 D  |h 850 P-5.1o  |2 z